000
00263nam a22001217a 4500
003
OSt
005
20170105103446.0
008
131203t xxu||||| |||| 00| 0 eng d
020
_a
0-7817-3514-9
040
_c
ASAB
245
_a
Fundamental Immunology
942
_2
ddc
_c
BK
999
_c
16652
_d
16652